Geography Quiz

Random Geography or State Quiz

U.S. Dependence On Tourism Quiz Stats

 Plays Quiz not verified by Sporcle

Challenge
Share
Tweet
Embed
Score 0/50 Timer 06:00
0 Plays Today
POPULAR DESTINATION STATE % Correct
Bellagio Hotel & CasinoNevada
96%
French Quarter-New OrleansLouisiana
89.9%
Pensacola BeachFlorida
89%
Yellowstone National ParkWyoming
87.9%
U.S.S. Arizona MemorialHawaii
84.1%
Sears TowerIllinois
83.6%
Atlantic CityNew Jersey
82.7%
Indianapolis500 SpeedwayIndiana
81.9%
GracelandTennessee
80.8%
Liberty BellPennsylvania
80%
Harvard and MITMassachusetts
79.7%
Space NeedleWashington
77.9%
Glacier National ParkMontana
77.6%
Green Bay-Lambaeu FieldWisconsin
76.5%
Yale UniversityConnecticut
75.4%
Mall of AmericaMinnesota
74.9%
Chrysler BuildingNew York
73.6%
Hilton Head IslandSouth Carolina
70.5%
Sequoia National ParkCalifornia
70.4%
Badlands National ParkSouth Dakota
68.2%
Denali National ParkAlaska
67.9%
MonticelloVirginia
67.6%
Dover Downs RacetrackDelaware
67.4%
NewportRhode island
67.1%
Lake ChamplainVermont
63.2%
POPULAR DESTINATION STATE % Correct
Johnson Space Flight CenterTexas
63.2%
Vicksburg National PARKMississippi
62.2%
Acadia National ParkMaine
60%
Hot Springs National ParkArkansas
58.7%
Okefenokee National Swamp RefugeGeorgia
58.5%
Mount HoodOregon
57.6%
Dodge CityKansas
56.4%
Mark Twain National ForestMissouri
55.6%
Cape Hatteras National SeashoreNorth Carolina
55.5%
Arches National ParkUtah
55.1%
Ocean CityMaryland
54.7%
Mount WashingtonNew Hampshire
54.6%
Mesa Verde National ParkColorado
54%
Theodore Roosevelt National ParkNorth Dakota
53.2%
Cedar Park Amusement ParkOhio
52.4%
Mammoth Cave National ParkKentucky
50.8%
White Sands National MonumentNew Mexico
49.6%
Petrified National ForestArizona
49.2%
Craters of the Moon National MonumentIdaho
43.1%
Marshall Space Flight CenterAlabama
42.8%
Will Rogers Memorial MuseumOklahoma
40.5%
Scotts Bluff National MonumentNebraska
39.5%
New River Gorge BridgeWest Virginia
36.9%
Lewis and Clark MonumentIowa
34.7%
Sleeping Bear National SeashoreMichigan
33.3%

You're not logged in!

Compare scores with friends on all Sporcle quizzes.
Join for Free
OR
Log In

You Might Also Like...

Show Comments

Extras

Created Oct 11, 2011SourceReportNominate
Tags:State Quiz, tourism

Top Quizzes Today


Score Distribution

Your Account Isn't Verified!

In order to create a playlist on Sporcle, you need to verify the email address you used during registration. Go to your Sporcle Settings to finish the process.

Report this User

Report this user for behavior that violates our Community Guidelines.

Details: